Draft WWE 2024 1st day - Statistiques

Statistiques générales
  • Ce quiz a été pris 126 fois
  • Le résultat moyen est 6 sur 23
Statistiques - réponses
Brand Pick Catcheur(s) % Correct
Raw #2 Seth Rollins
63%
Smackdown #6 Bloodline (Solo Sikoa, Tama Tonga & Paul Heyman)
60%
Raw #1 Jey Uso
52%
Smackdown #3 Randy Orton
51%
Smackdown #1 Bianca Belair
40%
Smackdown #2 Carmelo Hayes
38%
Raw #3 Bron Breakker
35%
Raw #4 Liv Morgan
29%
Smackdown #7 AJ Styles
28%
Raw #6 Sheamus
28%
Smackdown #4 Nia Jax
27%
Smackdown #5 La Knight
24%
Smackdown #8 Andrade
20%
Raw #7 Alpha Academy (Chad Gable, Maxxine Dupri, Akira Tozawa & Otis)
16%
Raw #5 Ricochet
12%
Smackdown Repêchage Baron Corbin
9%
Raw Repêchage Alba Fyre & Isla Dawn
8%
Smackdown Repêchage The OC (Luke Gallows, Karl Anderson & Michin)
6%
Raw Repêchage Ivar
4%
Raw #8 Kiana James
4%
Raw Repêchage Shayna Bazsler
4%
Raw Repêchage Zoey Stark
3%
Smackdown Repêchage Cédric Alexander & Ashante Adonis
0%
Aucun quiz correspondant
Distribution des résultats
% des personnes avec chaque résultat
Percentile par nombre de réponses
Votre historique - résultats
Vous n’avez pas pris ce quiz